Možnosti využitia perspektívnych obchodných modelov v prostredí E-businessu
Vymedzenie pojmu elektronická resp. e-ekonomika. Pôvodca termínu e-business. Typy a modely vzťahov v obchodnom styku. Vzťahy v rámci e-commerce. Elektronické nákupné aukcie.
Saved in:
| Main Author: | |
|---|---|
| Format: | Book Chapter |
| Language: | Slovak |
| Subjects: | |
| Tags: |
No Tags, Be the first to tag this record!
|
MARC
| LEADER | 00000naa$a2200000$$$4500 | ||
|---|---|---|---|
| 001 | 0093173 | ||
| 005 | 20240522080058.8 | ||
| 041 | 0 | |a slo | |
| 044 | |a SK | ||
| 245 | 1 | 0 | |a Možnosti využitia perspektívnych obchodných modelov v prostredí E-businessu |c Andrej Miklošík |
| 520 | |a Vymedzenie pojmu elektronická resp. e-ekonomika. Pôvodca termínu e-business. Typy a modely vzťahov v obchodnom styku. Vzťahy v rámci e-commerce. Elektronické nákupné aukcie. | ||
| 610 | 2 | 0 | |a prostredie ekonomické |
| 610 | 2 | 0 | |a technológie informačné |
| 610 | 2 | 0 | |a technológie komunikačné |
| 610 | 2 | 0 | |a marketing |
| 610 | 2 | 0 | |a kooperácia hospodárska medzinárodná |
| 610 | 2 | 0 | |a aukcie |
| 610 | 2 | 0 | |a podnikanie elektronické |
| 100 | 1 | |a Miklošík, Andrej | |